Регионална библиотека "Любен Каравелов" - Русе

Здрач | Живот и смърт (Запис номер 133604)

MARC детайли
000 -Лидер
Контролно поле с фиксирана дължина 01654nam a2200397 c 4500
003 - Код на организацията, давaща контролен номер
Контролно поле BLK
005 - Дата и час на последна редакция
Контролно поле 20250512160717.0
008 - Елементи от данни с фиксирана дължина
fixed length control field 180409b bul|||||r ||||||| ||bul||
010 ## - Наследен системен номер
LC control number KNG00139504000
020 ## - Международен стандартен номер на книга ISBN
Международен стандартен номер на книга ISBN 978-954-27-1644-0
-- издат.: Егмонт България
040 ## - Източник на каталожния запис
Идентификатор на билиотеката - собственик на записа BLK
041 ## - Код за език
Код за езика на текст/звукозапис или на отделно заглавие Български
Код за езика КДБФ Български
072 #7 - Код за тематичната категория
Код организация bullib
Код за тематична категория Н83
Текст Чужда художествена литература Н
080 ## - УДК
Текстов определител УДК Американска литература (на САЩ)
УДК код - определител по УДК 821.111(73)
УДК определител -31
УДК - код + определител 821.111(73)-31
100 1# - Редна дума - Автор
Автор Майър, Стефани
Авторска отговорност първи автор
R(LIN) 368972
139 ## - Редно поле
Редна дума Майър, Стефани
Авторски знак Маис - М 18
245 10 - Сведения за заглавието
Заглавие Здрач
Подзаглавни данни Роман
Редно поле (дума) Стефани Майър; прев. Елка Йорданова Виденова.
245 10 - Сведения за заглавието
Заглавие Живот и смърт
Подзаглавни данни Здрач пренаписан
Редно поле (дума)
250 ## - Област на изданието
Сведения за изданието Юбил. изд.
257 ## - Страна на издаване
Страна на създаване/издаване Съединени американски щати
260 ## - Област на издателските данни
-- София
Име на издателя, разпространителя и проч. Егмонт България
Година на издаване 2016
300 ## - Физическа характеристика
Страници 454, 505 с.
Размери/Мащаб 21 см
380 ## - Жанр
Жанр Худож. лит.
500 ## - Общи забележки
Забележка Ориг. загл. Ориг. загл. Twilight / Stephenie Meyer. - 2 000 тир. - Второто загл. отпеч. на обратната страна на кн. с отд. загл. с. и паг.
653 ## - Ключова дума – ненормативна
Ключова дума хорър
653 ## - Ключова дума – ненормативна
Ключова дума романи
653 ## - Ключова дума – ненормативна
Ключова дума вампири
659 ## - Тематичен бюлетин
Тематичен бюлетин Н
700 1# - Други автори (авторска отговорност)
Лично име Виденова, Елка Йорданова
Автороска отговорност (Описва отношението между автора и произведението) прев.
9 (RLIN) 370686
852 ## - Местоположение
Форматна сигнатура Цб 282487
856 4# - Електронен адрес и достъп
Електронен формат pdf - файл
Път до файла /url/
856 4# - Електронен адрес и достъп
Електронен формат pdf - файл
Път до файла /url/
942 ## - АРТИКУЛИ
Вид на библиотечния материал Книги
Скрит в OPAC Не
Koha issues (borrowed), all copies 22
944 ## - СЪЗДАВАНЕ И РЕДАКЦИЯ на ЗАПИСА
Създаване/Редакция Създаване
Дата на регистрацията/редакция 21.09.2016
Статус, дата на статуса Русанова Ирена
Служител, извършил регистрацията/редакцията 30542
944 ## - СЪЗДАВАНЕ И РЕДАКЦИЯ на ЗАПИСА
Създаване/Редакция Редакция
Дата на регистрацията/редакция 18.05.2017
Статус, дата на статуса ф /
Служител, извършил регистрацията/редакцията Пенка_Димитрова
999 ## - СИСТЕМНИ КОНТРОЛНИ НОМЕРА
Koha biblionumber 133604
Koha biblioitemnumber 133604
Наличности
Код за отписване Код за изгубен артикул Източник на класификационната схема Код за повреда Коз за рестрикции Код за отдаване Артикулен № Име на библиотеката - собственик Име на библиотеката, в която се намира в момента Статус (Текущо местоположение) Дата на вписване в системата Местоположение - отдел Цена в лева Инвентарен номер Систематично азбучна сигнатура Баркод Номер на екземпляра Цена в евро Служебна бележка Служебен тип на артикула
  Не е изгубен Universal Decimal Classification Не е повреден без рестрикции заемане за дома 218004 Регионална библиотека "Любен Каравелов" Русе Регионална библиотека "Любен Каравелов" Русе Заемна - подръчен фонд 2016-09-22 Заемна - подръчен фонд 19.42 120000804206 П 820(73)-31/М 18 120000804206 1 9.93 Дост: Pk Вид: Ф N: 715 Дата: 10.09.2016 Дата инв: 13.02.2018 Бележки инв: П2018 Книги
  Не е изгубен   Не е повреден без рестрикции ползва се в читалня 218005 Регионална библиотека "Любен Каравелов" Русе Регионална библиотека "Любен Каравелов" Русе Хранилище 2017-05-18 Хранилище 24.90 120000811053 Цб 282487 120000811053 2 12.73 Дост: Dp Вид: Д N: 15 Дата: 21.03.2017 Книги
  Не е изгубен Universal Decimal Classification Не е повреден   заемане за дома 804309 Регионална библиотека "Любен Каравелов" Русе Регионална библиотека "Любен Каравелов" Русе Заемна - подръчен фонд 2020-10-29 Заемна - подръчен фонд 19.17   821-31/М 18 С 120000849489   9.80   Книги
Vip Innovations Ltd, Rousse, Bulgaria 2025